[Event "Oberliga NRW 1920"]
[Site "Germany"]
[Date "2020.03.08"]
[Round "7.7"]
[White "Chilla, Jan Eric"]
[Black "Kaehmann, Joerg"]
[Result "1/2-1/2"]
[WhiteElo "2202"]
[BlackElo "2123"]
[PlyCount "115"]
[EventDate "2019.09.15"]
[EventType "team-tourn"]
[EventRounds "9"]
[EventCountry "GER"]
[SourceTitle "EXT 2022"]
[Source "ChessBase"]
[SourceDate "2021.10.06"]
[SourceVersion "1"]
[SourceVersionDate "2021.10.06"]
[SourceQuality "1"]
[WhiteTeam "Muenster"]
[BlackTeam "Wattenscheid"]
[WhiteTeamCountry "GER"]
[BlackTeamCountry "GER"]

1. Nf3 d5 2. g3 Nf6 3. Bg2 e6 4. 0-0 Be7 5. b3 0-0 6. Bb2 c5 7. e3 b6 8. c4 Bb7 9. Nc3 Nc6 10. cxd5 Nxd5 11. Nxd5 Qxd5 12. d4 Rfd8 13. Ne5 Qd6 14. Qf3 Nxe5 15. Qxb7 Nd3 16. Ba3 Rac8 17. Rfd1 Rc7 18. Qf3 Nb4 19. dxc5 Qxc5 20. Rxd8+ Bxd8 21. Rc1 Qf8 22. Rxc7 Bxc7 23. Bxb4 Qxb4 24. Qa8+ Qf8 25. Qxa7 Qd8 26. Bf3 g6 27. Kg2 Kg7 28. Qb7 h5 29. h4 Qd6 30. Qc6 Kf6 31. a4 Qxc6 32. Bxc6 Bd6 33. Kf3 Bb4 34. Ke2 Ke7 35. Bb5 Kf6 36. Bc4 Ke5 37. Ba6 Kf6 38. Bb7 Ke5 39. Ba8 Ba5 40. Bc6 Bb4 41. Bb5 Kf6 42. Bc4 Ke5 43. f4+ Kd6 44. e4 Ba5 45. e5+ Ke7 46. Bd3 Bb4 47. Be4 Bc3 48. Bf3 f6 49. exf6+ Kxf6 50. Be4 e5 51. fxe5+ Bxe5 52. Kf3 Bc3 53. Bc6 Be1 54. Be8 Kf5 55. Bb5 Ke5 56. Bd3 Kf6 57. Be4 Kf7 58. Bd5+ 1/2-1/2

[Event "Oberliga NRW 1819"]
[Site "Germany"]
[Date "2019.04.14"]
[Round "8.7"]
[White "Finke, Tobias"]
[Black "Kaehmann, Joerg"]
[Result "1/2-1/2"]
[WhiteElo "1996"]
[BlackElo "2184"]
[PlyCount "84"]
[EventDate "2018.09.16"]
[EventType "team-tourn"]
[EventRounds "9"]
[EventCountry "GER"]
[SourceTitle "EXT 2020"]
[Source "ChessBase"]
[SourceDate "2019.10.17"]
[SourceVersion "1"]
[SourceVersionDate "2019.10.17"]
[SourceQuality "1"]
[WhiteTeam "Gerresheim"]
[BlackTeam "Wattenscheid"]
[WhiteTeamCountry "GER"]
[BlackTeamCountry "GER"]

1. Nf3 Nf6 2. c4 d6 3. d4 g6 4. Nc3 Bg7 5. e3 0-0 6. Be2 Nbd7 7. 0-0 e5 8. Qc2 c6 9. Rd1 Re8 10. dxe5 dxe5 11. b3 Qa5 12. Bd2 Qc7 13. Rac1 Nc5 14. Ng5 a5 15. e4 h6 16. Be3 Qe7 17. Bxc5 Qxc5 18. Na4 Qb4 19. Nf3 Bg4 20. h3 Bxf3 21. Bxf3 Rad8 22. Nc3 Nd7 23. Rd2 Nc5 24. Rcd1 Rxd2 25. Qxd2 Ne6 26. Ne2 Rd8 27. Qc1 Rxd1+ 28. Qxd1 Nd4 29. Nxd4 exd4 30. Be2 a4 31. Kf1 axb3 32. axb3 Qc3 33. Bd3 Be5 34. g3 Qb2 35. Qc2 Qa1+ 36. Qb1 Qc3 37. Qc2 Qb4 38. Qa2 Kg7 39. Qb2 Qc3 40. Qxc3 dxc3 41. Bc2 Bd4 42. Ke2 Kf6 1/2-1/2

[Event "Oberliga NRW 1718"]
[Site "Germany"]
[Date "2018.03.11"]
[Round "7.7"]
[White "Kaehmann, Joerg"]
[Black "Ozerov, Ilja"]
[Result "0-1"]
[WhiteElo "2135"]
[BlackElo "2181"]
[PlyCount "84"]
[EventDate "2017.09.17"]
[EventType "team-tourn"]
[EventRounds "9"]
[EventCountry "GER"]
[SourceTitle "EXT 2019"]
[Source "ChessBase"]
[SourceDate "2018.10.10"]
[SourceVersion "1"]
[SourceVersionDate "2018.10.10"]
[SourceQuality "1"]
[WhiteTeam "Wattenscheid"]
[BlackTeam "Muelheim Nord II"]
[WhiteTeamCountry "GER"]
[BlackTeamCountry "GER"]

1. d4 f5 2. g3 Nf6 3. Bg2 g6 4. Nf3 Bg7 5. 0-0 0-0 6. Nbd2 d6 7. c3 Nc6 8. Re1 e5 9. Qb3+ Kh8 10. dxe5 dxe5 11. e4 f4 12. gxf4 Nh5 13. Ng5 Qf6 14. Ndf3 Nxf4 15. Bxf4 Qxf4 16. Ne6 Bxe6 17. Qxe6 g5 18. h3 Rf6 19. Qg4 Raf8 20. Qxf4 Rxf4 21. Re3 g4 22. hxg4 Rxg4 23. Nh2 Rgf4 24. f3 Rd8 25. Re2 Bf8 26. Ng4 h5 27. Ne3 Bc5 28. Rae1 Ne7 29. Kh2 Bxe3 30. Rxe3 Ng6 31. Kg3 Rf6 32. R3e2 Nf4 33. Rc2 Rg6+ 34. Kh2 Rgd6 35. Kg3 Rd2 36. Rxd2 Rxd2 37. Bf1 Kg7 38. Bc4 Kh6 39. Rh1 Kg5 40. Bf1 Ng6 41. Rg1 h4+ 42. Kh3+ Kh5 0-1

[Event "Oberliga NRW 1617"]
[Site "Germany"]
[Date "2017.01.22"]
[Round "5.5"]
[White "Kaehmann, Joerg"]
[Black "Walter, Andreas"]
[Result "1/2-1/2"]
[WhiteElo "2252"]
[BlackElo "2129"]
[PlyCount "56"]
[EventDate "2016.09.25"]
[EventType "team-tourn"]
[EventRounds "9"]
[EventCountry "GER"]
[SourceTitle "EXT 2020"]
[Source "ChessBase"]
[SourceDate "2019.10.17"]
[SourceVersion "1"]
[SourceVersionDate "2019.10.17"]
[SourceQuality "1"]
[WhiteTeam "Wattenscheid"]
[BlackTeam "Dinslaken"]
[WhiteTeamCountry "GER"]
[BlackTeamCountry "GER"]

1. Nf3 d5 2. g3 g6 3. Bg2 Bg7 4. d4 Nf6 5. c4 dxc4 6. Qc2 0-0 7. Qxc4 Nc6 8. 0-0 Be6 9. Qd3 Nb4 10. Qd1 Bxa2 11. Nc3 Bc4 12. Ne5 Ba6 13. Qb3 Qxd4 14. Bf4 Qb6 15. Na4 Qb5 16. Nc3 Qb6 17. Be3 c5 18. Na4 Qe6 19. Qxe6 fxe6 20. Nxc5 Nfd5 21. Nxa6 bxa6 22. Nd3 Nc2 23. Bxd5 exd5 24. Rxa6 Nxe3 25. fxe3 Rxf1+ 26. Kxf1 Bh6 27. Nf4 Bxf4 28. exf4 Kf7 1/2-1/2

[Event "Oberliga NRW 1516"]
[Site "Germany"]
[Date "2015.11.22"]
[Round "3.8"]
[White "Kaehmann, Joerg"]
[Black "Herzum, Peter"]
[Result "1-0"]
[WhiteElo "2181"]
[BlackElo "2012"]
[PlyCount "63"]
[EventDate "2015.09.27"]
[EventType "team-tourn"]
[EventRounds "9"]
[EventCountry "GER"]
[SourceTitle "EXT 2017"]
[Source "ChessBase"]
[SourceDate "2016.10.25"]
[SourceVersion "1"]
[SourceVersionDate "2016.10.25"]
[SourceQuality "1"]
[WhiteTeam "Wattenscheid"]
[BlackTeam "Duesseldorf"]
[WhiteTeamCountry "GER"]
[BlackTeamCountry "GER"]

1. e4 c5 2. Nf3 d6 3. d4 cxd4 4. Nxd4 Nf6 5. Nc3 a6 6. h3 e5 7. Nde2 Be6 8. g4 d5 9. exd5 Nxd5 10. Bg2 Bb4 11. 0-0 Bxc3 12. Nxc3 Nxc3 13. Qxd8+ Kxd8 14. bxc3 Nc6 15. Be3 Kc7 16. Rfb1 b5 17. a4 Bc4 18. a5 Rab8 19. Bb6+ Rxb6 20. axb6+ Kxb6 21. Bxc6 Kxc6 22. Rxa6+ Kb7 23. Rba1 Rd8 24. Ra7+ Kb6 25. R1a6+ Kc5 26. Rc7+ Kd5 27. Rxf7 b4 28. Ra5+ Kc6 29. Rxg7 Rd1+ 30. Kg2 bxc3 31. Ra3 Bd5+ 32. Kg3 1-0

[Event "NRW Class2 1213"]
[Site "Germany"]
[Date "2013.03.10"]
[Round "7.8"]
[White "Kretschmann, Michael"]
[Black "Kaehmann, Joerg"]
[Result "0-1"]
[WhiteElo "2071"]
[BlackElo "2191"]
[PlyCount "78"]
[EventDate "2012.09.16"]
[EventType "team-tourn"]
[EventRounds "9"]
[EventCountry "GER"]
[SourceTitle "EXT 2017"]
[Source "ChessBase"]
[SourceDate "2016.10.25"]
[SourceVersion "1"]
[SourceVersionDate "2016.10.25"]
[SourceQuality "1"]
[WhiteTeam "Guetersloh"]
[BlackTeam "Herne Sodingen"]
[WhiteTeamCountry "GER"]
[BlackTeamCountry "GER"]

1. d3 d5 2. g3 g6 3. Bg2 Bg7 4. Nf3 e5 5. 0-0 Ne7 6. e4 0-0 7. exd5 Nxd5 8. Nc3 Nxc3 9. bxc3 c6 10. d4 e4 11. Ne5 f6 12. Nc4 Be6 13. Qe2 b5 14. Nd2 Re8 15. Bb2 f5 16. Rfe1 Nd7 17. c4 b4 18. Rad1 Qa5 19. d5 Bxb2 20. dxe6 Rxe6 21. c5 Ne5 22. Nc4 Qxa2 23. Nxe5 Bxe5 24. Rd7 Rae8 25. Red1 R6e7 26. Bf1 Kg7 27. Qd2 a5 28. h4 Qe6 29. h5 Bc3 30. h6+ Kf7 31. Rxe7+ Rxe7 32. Qd8 e3 33. Rd6 exf2+ 34. Kh2 Qe4 35. Qc8 f4 36. Rd8 fxg3+ 37. Kxg3 Qe3+ 38. Kg2 Qg5+ 39. Kxf2 Be1+ 0-1

[Event "NRW Class1 0910"]
[Site "Germany"]
[Date "2010.03.21"]
[Round "8.6"]
[White "Kaehmann, Joerg"]
[Black "Coenen, Michael"]
[Result "0-1"]
[WhiteElo "2256"]
[BlackElo "2256"]
[PlyCount "92"]
[EventDate "2009.09.20"]
[EventType "team-tourn"]
[EventRounds "9"]
[EventCountry "GER"]
[SourceTitle "EXT 2011"]
[Source "ChessBase"]
[SourceDate "2010.11.26"]
[SourceVersion "1"]
[SourceVersionDate "2010.11.26"]
[SourceQuality "1"]
[WhiteTeam "Herne Sodingen"]
[BlackTeam "Porz SG II"]
[WhiteTeamCountry "GER"]
[BlackTeamCountry "GER"]

1. g3 Nf6 2. Bg2 d5 3. Nf3 c5 4. 0-0 Nc6 5. d3 Bg4 6. Nbd2 Qd7 7. c3 e6 8. a3 a5 9. a4 Be7 10. Re1 0-0 11. Qb3 Rfd8 12. h3 Bh5 13. g4 Bg6 14. Nh4 Qc7 15. Nxg6 hxg6 16. Nf1 Ra6 17. Bg5 Ne5 18. Bh4 Bd6 19. Bg3 c4 20. Qc2 cxd3 21. exd3 Rb6 22. d4 Nc4 23. b3 Bxg3 24. bxc4 Bf4 25. c5 Rc6 26. Rab1 b6 27. cxb6 Rxb6 28. Rxb6 Qxb6 29. Rb1 Qc7 30. Rb5 Rb8 31. Rc5 Qa7 32. Bf3 Nd7 33. Rb5 Rxb5 34. axb5 a4 35. Be2 a3 36. Qa2 Nb6 37. Bd1 Qa5 38. Bb3 Nc4 39. Qc2 Qxb5 40. Kg2 Na5 41. Ba2 Nc4 42. Bb3 g5 43. Qa2 Na5 44. Qxa3 Nxb3 45. Qa8+ Kh7 46. Qe8 Qxe8 0-1

[Event "NRW Class1 0910"]
[Site "Germany"]
[Date "2009.10.25"]
[Round "2.5"]
[White "Ingenerf, Johannes"]
[Black "Kaehmann, Joerg"]
[Result "1/2-1/2"]
[WhiteElo "2071"]
[BlackElo "2256"]
[PlyCount "85"]
[EventDate "2009.09.20"]
[EventType "team-tourn"]
[EventRounds "9"]
[EventCountry "GER"]
[SourceTitle "EXT 2011"]
[Source "ChessBase"]
[SourceDate "2010.11.26"]
[SourceVersion "1"]
[SourceVersionDate "2010.11.26"]
[SourceQuality "1"]
[WhiteTeam "Rheydt"]
[BlackTeam "Herne Sodingen"]
[WhiteTeamCountry "GER"]
[BlackTeamCountry "GER"]

1. f4 e5 2. fxe5 d6 3. exd6 Bxd6 4. Nf3 g5 5. g3 g4 6. Nh4 Ne7 7. d4 Ng6 8. Nxg6 hxg6 9. Qd3 Nc6 10. c3 Bf5 11. e4 Qe7 12. Bg2 0-0-0 13. Be3 Rde8 14. exf5 Qxe3+ 15. Qxe3 Rxe3+ 16. Kd2 Rhe8 17. Bxc6 bxc6 18. fxg6 fxg6 19. b4 Re2+ 20. Kd3 R8e3+ 21. Kc4 Rg2 22. a4 Ree2 23. b5 Kd7 24. Na3 Rxh2 25. bxc6+ Kxc6 26. Nb5 Bxg3 27. Rhg1 Rhg2 28. d5+ Kb7 29. Nd4 Rxg1 30. Rxg1 Re3 31. Rb1+ Kc8 32. Nc6 Kd7 33. Rb8 Re8 34. Rxe8 Kxe8 35. Kd3 Bf2 36. Ke4 g3 37. Kf3 Kd7 38. a5 Kd6 39. c4 g5 40. a6 g4+ 41. Kg2 Kd7 42. Ne5+ Kd6 43. Nc6 1/2-1/2

[Event "NRW Class2 0708"]
[Site "Germany"]
[Date "2008.01.13"]
[Round "5.3"]
[White "Kaehmann, Joerg"]
[Black "Mende, Andreas"]
[Result "1-0"]
[WhiteElo "2241"]
[BlackElo "2201"]
[PlyCount "55"]
[EventDate "2007.09.16"]
[EventType "team-tourn"]
[EventRounds "9"]
[EventCountry "GER"]
[SourceTitle "EXT 2009"]
[Source "ChessBase"]
[SourceDate "2008.11.26"]
[SourceVersion "1"]
[SourceVersionDate "2008.11.26"]
[SourceQuality "1"]
[WhiteTeam "Sodingen"]
[BlackTeam "Niederkassel"]
[WhiteTeamCountry "GER"]
[BlackTeamCountry "GER"]

1. Nf3 Nf6 2. d4 g6 3. c4 Bg7 4. Nc3 d6 5. e4 0-0 6. Be3 e5 7. dxe5 dxe5 8. Qxd8 Rxd8 9. Nd5 Na6 10. 0-0-0 Nxd5 11. cxd5 Bg4 12. h3 Bxf3 13. gxf3 Nb8 14. Kb1 Nd7 15. Rc1 Rdc8 16. h4 Kf8 17. h5 c6 18. hxg6 hxg6 19. Bh3 Ke7 20. Bg5+ Ke8 21. Bg4 cxd5 22. Rxc8+ Rxc8 23. Rh7 Bf8 24. Rh8 dxe4 25. fxe4 f5 26. exf5 Rc4 27. Be2 Re4 28. Bb5 1-0

[Event "Ruhrgebiet Regionalliga 0405"]
[Site "Ruhrgebiet"]
[Date "2005.01.16"]
[Round "5.4"]
[White "Kleinegger, Frank"]
[Black "Kaehmann, Joerg"]
[Result "1/2-1/2"]
[WhiteElo "2176"]
[BlackElo "2155"]
[PlyCount "100"]
[EventDate "2004.09.19"]
[EventType "team-tourn"]
[EventRounds "9"]
[EventCountry "GER"]
[SourceTitle "EXT 2006"]
[Source "ChessBase"]
[SourceDate "2005.11.24"]
[SourceVersion "1"]
[SourceVersionDate "2005.11.24"]
[SourceQuality "1"]
[WhiteTeam "Kamen"]
[BlackTeam "Herne Sodingen"]
[WhiteTeamCountry "GER"]
[BlackTeamCountry "GER"]

1. d4 Nf6 2. Bg5 d5 3. Bxf6 exf6 4. e3 Bd6 5. c4 c6 6. cxd5 cxd5 7. Nc3 Be6 8. g3 Nc6 9. Bg2 Ne7 10. Qa4+ Kf8 11. Nge2 h5 12. h4 a6 13. Nf4 Bxf4 14. exf4 g6 15. 0-0 Kg7 16. Qd1 Qd6 17. Qd2 Rac8 18. Rac1 Nf5 19. Ne2 Qb6 20. b3 Rhd8 21. Rfd1 Rxc1 22. Rxc1 Nd6 23. Nc3 Qb4 24. Rd1 Nf5 25. Na4 Qd6 26. Rc1 Rc8 27. Rxc8 Bxc8 28. Qc3 Bd7 29. Nc5 Bc6 30. Bh3 Ne7 31. Qa5 f5 32. Bf1 Nc8 33. Qe1 Qe7 34. Qe5+ f6 35. Qxe7+ Nxe7 36. a4 Kf7 37. Be2 Nc8 38. Kf1 Nd6 39. Bd3 Ke7 40. Ke2 Be8 41. Kd2 a5 42. Bc2 b6 43. Nd3 Ne4+ 44. Ke3 Bc6 45. f3 Nd6 46. Nf2 Ke6 47. Kd2 Bb7 48. Bd3 Bc6 49. Nd1 Bd7 50. Nc3 Bc6 1/2-1/2

[Event "Ruhrgebiet Regionalliga 0405"]
[Site "Ruhrgebiet"]
[Date "2004.11.14"]
[Round "3.5"]
[White "Kaehmann, Joerg"]
[Black "Starp, Klaus"]
[Result "1-0"]
[WhiteElo "2155"]
[BlackElo "1962"]
[PlyCount "39"]
[EventDate "2004.09.19"]
[EventType "team-tourn"]
[EventRounds "9"]
[EventCountry "GER"]
[SourceTitle "EXT 2006"]
[Source "ChessBase"]
[SourceDate "2005.11.24"]
[SourceVersion "1"]
[SourceVersionDate "2005.11.24"]
[SourceQuality "1"]
[WhiteTeam "Herne Sodingen"]
[BlackTeam "Berghofen Wambel"]
[WhiteTeamCountry "GER"]
[BlackTeamCountry "GER"]

1. d4 Nf6 2. Nf3 c5 3. d5 e6 4. c4 exd5 5. cxd5 d6 6. Nc3 g6 7. e4 Bg7 8. h3 0-0 9. Bd3 b5 10. Nxb5 Nxe4 11. Bxe4 Re8 12. Ng5 h6 13. Ne6 Qa5+ 14. Nc3 Bxc3+ 15. bxc3 fxe6 16. 0-0 Qxc3 17. Bxh6 Qf6 18. dxe6 Ba6 19. Re1 g5 20. Qh5 1-0